| 000 | 01080nam a2200277 a 4500 | ||
|---|---|---|---|
| 001 | 000022593 | ||
| 005 | 20250128193628.0 | ||
| 008 | 101013t2007 dr ach 001 0cspa d | ||
| 020 | _a9945160729 | ||
| 040 |
_aDO-SdBNP _bspa _cBNPHU |
||
| 082 |
_a929.2 _bM623p |
||
| 100 | 1 |
_aPeralta Michel, José, _d1931- _946495 |
|
| 245 | 1 | 3 |
_aLa familia Michel : _bsus raíces genealógicas / _cJosé Peralta Michel ; introducción Edwin Espinal Hernández. |
| 260 |
_aSanto Domingo : _bInstituto Dominicano de Genealogía, _c2007. |
||
| 300 |
_a211 p. : _bil., facsíms., retrs. ; _c22 cm. |
||
| 490 | 1 |
_aFamilias dominicanas _v4 |
|
| 500 | _aIncluye índice onomástico. | ||
| 504 | _aIncluye referencias bilbiográficas notas al pie de las páginas. | ||
| 590 | _aInventariado, 2020/YL | ||
| 600 | 1 | 4 |
_aMICHEL (FAMILIA) _xGENEALOGÍA _946496 |
| 650 | 4 |
_aParentesco _92156 |
|
| 651 | 4 |
_aRepública Dominicana _xGenealogía _92157 |
|
| 700 | 1 |
_aEspinal Hernández, Edwin, _d1971- _eintrod. _98396 |
|
| 830 | 0 |
_aFamilias dominicanas _n4 _946497 |
|
| 910 | _aValidado. Control de calidad EMS. | ||
| 999 |
_c22090 _d22090 |
||